Estadísticas para Países que reciben más lluvia

Haz click aquí para tomar la prueba!

Estadísticas generales

  • Esta prueba ha sido tomada 1.924 veces
  • La puntuación promedio es 9 de 21

Estadísticas de respuestas

PrecipitaciónPaís% Correcto
270 cmIndonesia
84%
324 cmColombia
73%
288 cmMalasia
72%
314 cmPapua Nueva Guinea
68%
235 cmFilipinas
65%
293 cmPanamá
65%
293 cmCosta Rica
62%
228 cmNicaragua
57%
250 cmSingapur
56%
272 cmBrunéi
46%
267 cmBangladés
43%
239 cmGuyana
42%
233 cmSurinam
42%
259 cmFiyi
35%
303 cmIslas Salomón
33%
235 cmGranada
20%
233 cmSeychelles
20%
230 cmSanta Lucía
19%
320 cmSanto Tomé y Príncipe
18%
253 cmSierra Leona
11%
239 cmLiberia
10%

Distribución de puntuación

Porcentaje por número respondido

Porcentaje de gente con cada puntuación

Historial de tus puntuaciones

No has tomado esta prueba